Music Quiz

Random Music Quiz

Used To be Lyrics Quiz Stats

Quiz not verified by Sporcle

Challenge
Share
Tweet
Embed
Score 0/300 Timer 10:00
0 Plays Today
% Correct
us.
96.4%
us.
96.4%
us.
96.4%
be.
95.8%
be.
95.8%
be.
95.8%
be.
95.8%
be
95.8%
be
95.8%
be
95.8%
be
95.8%
be,
95.8%
be,
95.8%
be.
95.8%
be
95.8%
be,
95.8%
be,
95.8%
be.
95.8%
be
95.8%
be
95.8%
be
95.8%
be
95.8%
be.
95.8%
to
95.2%
to
95.2%
to
95.2%
to
95.2%
to
95.2%
to
95.2%
to
95.2%
to
95.2%
to
95.2%
to
95.2%
to
95.2%
to
95.2%
to
95.2%
to
95.2%
to
95.2%
to
95.2%
to
95.2%
to
95.2%
to
95.2%
to
95.2%
to
95.2%
Used
92.2%
Used
92.2%
You
92.2%
You
92.2%
You
92.2%
you
92.2%
You
92.2%
used
92.2%
used
92.2%
used
92.2%
you
92.2%
you
92.2%
used
92.2%
Used
92.2%
you
92.2%
used
92.2%
used
92.2%
used
92.2%
used
92.2%
used
92.2%
used
92.2%
used
92.2%
used
92.2%
you
92.2%
used
92.2%
you
92.2%
you
92.2%
used
92.2%
You
92.2%
you
92.2%
used
92.2%
used
92.2%
used
92.2%
you
92.2%
you
92.2%
and
89.8%
and
89.8%
and
89.8%
a
89.8%
and
89.8%
the
89.8%
the
89.8%
a
89.8%
and
89.8%
and
89.8%
the
89.8%
and
89.8%
the
89.8%
the
89.8%
the
89.8%
and
89.8%
the
89.8%
a
89.8%
the
89.8%
me.
85.6%
me.
85.6%
% Correct
me.
85.6%
me
85.6%
me
85.6%
me
85.6%
me
85.6%
me
85.6%
me
85.6%
me
85.6%
like
83.2%
like
83.2%
like
83.2%
like
83.2%
like
83.2%
like
83.2%
like
83.2%
like
83.2%
like
83.2%
That
82%
that
82%
That
82%
it
80.2%
it
80.2%
it
80.2%
it
80.2%
it
80.2%
it
80.2%
we
79%
we
79%
we
79%
We
79%
We
79%
we
79%
We
79%
we
79%
we
79%
we
79%
we
79%
we
79%
We
79%
go.
77.8%
go
77.8%
with
74.9%
was
74.9%
was
74.9%
with
74.9%
was
74.9%
with
74.9%
was
74.9%
was
74.9%
with
74.9%
was
74.9%
with
74.9%
Jay
73.7%
Beyonce
73.7%
So
73.1%
Girl,
71.9%
Girl
71.9%
girl
71.9%
Girl
71.9%
girl
71.9%
girl
71.9%
Brad
70.7%
I
70.1%
I
70.1%
I
70.1%
I
70.1%
I
70.1%
I
70.1%
I
70.1%
I
70.1%
I
70.1%
I
70.1%
I
70.1%
I
70.1%
star
68.3%
superman.
68.3%
Us)
68.3%
us)
68.3%
superman
68.3%
don't
67.1%
five
67.1%
Now
67.1%
now
67.1%
don't
67.1%
Now
67.1%
now
67.1%
kick
65.9%
guess
65.3%
name
65.3%
official
64.1%
ain't
64.1%
ain't
64.1%
ain't
64.1%
ain't
64.1%
ain't
64.1%
flying
63.5%
in
63.5%
flying
63.5%
where
62.9%
Where
62.9%
% Correct
Angelina.
62.9%
every
62.9%
it's
62.3%
wanna
62.3%
it's
62.3%
it's
62.3%
solo.
61.7%
between
61.7%
solo
61.7%
got
61.1%
his
61.1%
on
61.1%
on
61.1%
chain
60.5%
I'm
60.5%
low-
60.5%
low.
60.5%
I'm
60.5%
my
59.9%
my
59.9%
see
59.3%
(That
59.3%
(that
59.3%
see
59.3%
gossip
58.7%
know
58.1%
come
58.1%
know
58.1%
know
58.1%
rumors
57.5%
stunner
56.3%
dude?
56.3%
your
56.3%
thing
56.3%
your
56.3%
thing
56.3%
didn't
55.1%
let
54.5%
same.
53.3%
same
53.3%
hear
52.1%
hear
52.1%
together.
51.5%
together.
51.5%
from
50.9%
Wishing
50.9%
been
50.9%
from
50.9%
been
50.9%
wishing
50.9%
been
50.9%
initials
50.3%
keep
50.3%
100
50.3%
keep
50.3%
100
50.3%
everybody
49.7%
everybody
49.7%
everywhere.
49.1%
Everywhere
49.1%
everywhere.
49.1%
Everywhere
49.1%
whatever.
47.3%
back
47.3%
whatever
47.3%
back
47.3%
tryna
46.7%
Things
46.1%
Things
46.1%
one
45.5%
color
44.9%
had
44.3%
summer
44.3%
for
43.1%
for
43.1%
family
41.9%
Gotta
40.1%
gotta
40.1%
holidays
39.5%
tryna
38.3%
Spent
38.3%
another
38.3%
J's
37.1%
miss
37.1%
Oh,
35.9%
them
31.1%
front
30.5%
Can
29.9%
all
29.9%
G
29.3%
G
29.3%
blame
28.1%
away
28.1%
way
27.5%
threw
25.7%
Aye
24%
feeling
24%
even
22.8%
low-low.
21%
Haven't
14.4%

You're not logged in!

Compare scores with friends on all Sporcle quizzes.
Join for Free
OR
Log In

You Might Also Like...

Show Comments

Extras

Top Quizzes Today


Score Distribution

Your Account Isn't Verified!

In order to create a playlist on Sporcle, you need to verify the email address you used during registration. Go to your Sporcle Settings to finish the process.

Report this User

Report this user for behavior that violates our Community Guidelines.

Details: